La burguesía agraria de México : un estudio de caso en El Bajío /

El presente trabajo recoge resultados obtenidos durante el trabajo de campo realizado en el municipio de Valle de Santiago, Guanajuato, como parte de la investigación sobre el proceso de conformación de la burguesía, campesina mexicana y sus características y reglas actuales de funcionamiento como c...

Olles dieđut

Furkejuvvon:
Bibliográfalaš dieđut
Eará dahkkit: Díaz-Polanco, Héctor (autor) (autor), Guye Montandon, Laurent (autor) (autor)
Materiálatiipa: Girji
Giella:espánnjágiella
Almmustuhtton: México : El Colegio de México, Centro de Estudios Sociológicos, 1977, c1977
Ráidu:(Cuadernos del CES ; 22)
Fáttát:
Fáddágilkorat: Lasit fáddágilkoriid
Eai fáddágilkorat, Lasit vuosttaš fáddágilkora!

MARC

LEADER 00000nam^a2200000^a^4500
001 000000973
005 20250521000000.0
009 20260310083048.585
037 |a Acervo ITESO - Biblioteca 
041 |a ESP 
082 |a 300.  |b CES V. 22 
240 1 1 |a [Cuadernos del CES] 
245 0 3 |a La burguesía agraria de México :  |b un estudio de caso en El Bajío /  |c H. Díaz-Polanco, L. Guye Montandon. 
264 4 |a México :  |b El Colegio de México, Centro de Estudios Sociológicos,  |c 1977, c1977 
300 |a 62 p. 
336 |a texto  |b txt  |2 rdacontenido 
337 |a sin mediación  |b n  |2 rdamedio 
338 |a volumen  |b nc  |2 rdasoporte 
440 1 |a (Cuadernos del CES ;  |v 22) 
520 |a El presente trabajo recoge resultados obtenidos durante el trabajo de campo realizado en el municipio de Valle de Santiago, Guanajuato, como parte de la investigación sobre el proceso de conformación de la burguesía, campesina mexicana y sus características y reglas actuales de funcionamiento como clase. Una segunda etapa de la investigación planeaba el estudio de las clases trabajadoras del campo. 
649 |a XX 
650 |a Sociología Rural 
650 |a Burguesía -  |z Bajío, El (Región) 
700 |a Díaz-Polanco, Héctor  |e (autor) 
700 |a Guye Montandon, Laurent  |e (autor) 
910 |a Fondo General 
920 |a Impresos - Libros 
930 |a Colección General 
905 |a 101 
901 |a 0009730100  |b IT1  |c ACC  |i 000973  |u 20250521 
902 |a https://opac.biblio.iteso.mx/vufind/Record/000000973